1296 1862 1587 1251 1952 1816 1517 1111 1329 1562 1972 1747 1007 1862 1380 1199 1372 1309 1809 1914 1011 1623 1229 1922 1118 1736 1217 1945 1493 1285 1918 1550 1546 1249 1421 1113 1891 1960 1472 1679 1366 1681 1898 1808 1432 1264 1578 1639 1674 1477 1050 1527 1327 1061 1368 1389 1155 1316 1696 1443 1216 1477 1521 1918 1003 1290 1986 1995 1303 1111 1797 1404 1571 1004 1845 1394 1154 1856 1987 1871 1168 1043 1977 1466 1095 1950 1079 1845 1074 1917 1296 1980 1181 1125 1609 1158 1156 1931 1241 BCNSPRNW ULIB Ver.6.0+V

เปลี่ยนเป็นภาษาไทย

Change to English
 แสดงรายละเอียดบรรณานุกรม
  กลับหน้าหลัก

Brief Record : Get Marc (ISO 2709) : E-mail record : QR code < ปิดหน้าต่าง
LEADER : 00000nam 2200000uu 4500
001    13399114521
003     ULIB
008    120411s2544||||th 000 0 tha d
020    ^a9746138839 (ล.1)
020    ^a9746138847 (ล.2)
060 04 ^aWA485^bบ226ห ล.1-2 2544
245 10 ^aหลักความปลอดภัยในการทำงาน =^bPrinciples of Safety at work /^cมหาวิทยาลัยสุโขทัยธรรมาธิราช
246 31 ^aPrinciples of safety at work
250    ^aพิมพ์ครั้งที่ 11
260    ^aนนทบุรี :^bสำนักพิมพ์มหาวิทยาลัยสุโขทัยธรรมาธิราช,^c2544
300    ^a2 เล่ม :^bภาพประกอบ ;^c30 ซม.
500    ^a"เอกสารการสอนชุดวิชา 54103 หน่วยที่ 1-8, 9-15" -- หน้าปกใน
500    ^aสิ่งพิมพ์ของ มหาวิทยาลัยสุโขทัยธรรมาธิราช
500    ^aSend to Single Search
650  4 ^aความปลอดภัยในงานก่อสร้าง
650  4 ^aความปลอดภัยในท้องถนน
650  4 ^aความปลอดภัยในงานอุตสาหกรรม
650  4 ^aอุบัติเหตุ^xการป้องกัน
710 2  ^aมหาวิทยาลัยสุโขทัยธรรมาธิราช. ^bสาขาวิชาวิทยาศาสตร์สุขภาพ
945    ^p0^l0^i10421
945    ^p0^l0^i10420
945    ^p0^l0^i10422
945    ^p0^l0^i10423
995    ^aกัณชพร
999 ^a ใช้งานได้ทุกระบบ
รายการนี้ยังไม่มีแท็ก
คุณยังไม่ได้ล็อกอิน คุณสามารถมีกิจกรรมร่วมกับเว็บไซต์ได้ แต่ต้องล็อกอินก่อน ::
  ล็อกอิน

รายการสื่อสารสนเทศ

ลำดับที่ ประเภท เลขเรียก/บาร์โค้ด สถานที่ สถานะ
- ไม่พบข้อมูล -

รายการใกล้เคียง
    หัวเรื่อง [ความปลอดภัยในท้องถนน]
    หัวเรื่อง [ความปลอดภัยในงานอุตสาหกรรม]

BibComment


ยังไม่เคยถูกคอมเมนท์

คอมเมนท์ทรัพยากรรายการนี้
  คอมเมนท์: หลักความปลอดภัยใ..


 Copyright 2026. Bcnsprnw @Library